Conversaciones con Borges / (Record no. 185955)

MARC details
000 -LEADER
campo de control de longitud fija 00782nam a2200253 i 4500
001 - NÚMERO DE CONTROL
campo de control 185955
003 - IDENTIFICADOR DE NÚMERO DE CONTROL
campo de control SpMaBN
005 - FECHA Y HORA DE LA ÚLTIMA TRANSACCIÓN
campo de control 20251122063144.0
008 - DATOS DE LONGITUD FIJA--INFORMACIÓN GENERAL
campo de control de longitud fija 160830s1986 sp |||| |dspa d
020 ## - NÚMERO INTERNACIONAL ESTÁNDAR DEL LIBRO
Número Internacional Estándar del Libro 84-7444-216-8
080 ## - NÚMERO DE LA CLASIFICACIÓN DECIMAL UNIVERSAL
Número de la Clasificación Decimal Universal 929 Borges, Jorge Luis (049.3)
100 1# - ENTRADA PRINCIPAL--NOMBRE DE PERSONA
Nombre de persona Borges, Jorge Luis,
Fechas asociadas al nombre 1899-1986
Término indicativo de función/relación Autor
9 (RLIN) 242526
245 10 - MENCIÓN DEL TÍTULO
Título Conversaciones con Borges /
Mención de responsabilidad, etc. Roberto Alifano.
250 ## - MENCION DE EDICION
Mención de edición 1ª ed.
260 ## - PUBLICACIÓN, DISTRIBUCIÓN, ETC.
Lugar de publicación, distribución, etc. Madrid :
Nombre del editor, distribuidor, etc. Debate,
Fecha de publicación, distribución, etc. 1986.
300 ## - DESCRIPCIÓN FÍSICA
Extensión 250 p. ;
Dimensiones 18 cm.
490 1# - MENCIÓN DE SERIE
Mención de serie Debate ensayo
600 17 - PUNTO DE ACCESO ADICIONAL DE MATERIA--NOMBRE DE PERSONA
Nombre de persona Borges, Jorge Luis-
Subdivisión de forma Entrevistas.
9 (RLIN) 30463
700 1# - ENTRADA AGREGADA--NOMBRE PERSONAL
Nombre de persona Alifano, Roberto,
Fechas asociadas al nombre 1943-
9 (RLIN) 160625
Término indicativo de función/relación Entrevistador
830 0# - PUNTO DE ACCESO ADICIONAL DE SERIE-TÍTULO UNIFORME
Título uniforme Debate ensayo
9 (RLIN) 182935
852 ## - LOCALIZACIÓN
Ubicación ES-MaACL
Número de control de estantería L-30575
Nota libre . - Donat. Miguel A. Velasco
942 ## - ELEMENTOS DE ENTRADA SECUNDARIOS (KOHA)
Fuente del sistema de clasificación o colocación Clasificación decimal universal
Holdings
Estatus retirado Estado de pérdida Estado de daño No para préstamo Biblioteca de origen Biblioteca actual Ubicación en estantería Fecha de adquisición Fuente de adquisición Total de préstamos Signatura topográfica completa Código de barras Visto por última vez Precio de reemplazo Tipo de ítem Koha
        Biblioteca del Ateneo de Madrid Biblioteca del Ateneo de Madrid Depósito 2 30/08/2016     L-30575 1196043 23/02/2023 23/02/2023 Libro impreso